[Event "Simultan"]
[Site "masterchessopen.com Katowice (Poland)"]
[Round "0"]
[White "Kasparov Garry (RUS)"]
[Black "Gratka Krzysztof (POL)"]
[Result "1-0"]
[WhiteElo "2805"]
[BlackElo "2302"]

1.d4 Nf6 2.c4 g6 3.g3 Bg7 4.Bg2 O-O 5.Nc3 d6 6.Nf3 Nbd7 7.O-O e5 8.e4 c6 9.b3
Qc7 10.h3 Re8 11.Be3 exd4 12.Nxd4 Nc5 13.Qc2 a5 14.Rfe1 Bd7 15.Rad1 Rad8 16.f4
Re7 17.Bf2 Rde8 18.a3 Na6 19.Nf3 Be6 20.Qd2 Rd7 21.Nd4 h6 22.f5 Kh7 23.fxe6
fxe6 24.Qc2 e5 25.Nf3 Rf8 26.Rb1 Rdf7 27.Be3 Nh5 28.Qf2 Nc5 29.Bxc5 dxc5
30.Ne2 b6 31.Qe3 Nf6 32.Rbd1 Rb8 33.Nc3 Nh5 34.Nh2 Rd7 35.Rxd7 Qxd7 36.Rd1 Qe6
37.Ng4 g5 38.Qe1 b5 39.cxb5 cxb5 40.Nd5 b4 41.axb4 axb4 42.Nge3 {#r} 1-0

[Event "It (open)"]
[Site "masterchessopen.com Le Touquet (France)"]
[Round "7"]
[White "Mancini Mario (FRA)"]
[Black "Relange Eloi (FRA)"]
[Result "0-1"]
[WhiteElo "2232"]
[BlackElo "2472"]

1.d4 Nf6 2.c4 g6 3.Nc3 Bg7 4.g3 O-O 5.Bg2 d6 6.Nf3 Nbd7 7.O-O e5 8.e4 c6 9.Re1
Qb6 10.d5 cxd5 11.cxd5 h6 12.Nd2 Ne8 13.Nc4 Qc7 14.Qe2 f5 15.f3 f4 16.Nd2 Ndf6
17.g4 Nh7 18.Nb3 h5 19.gxh5 gxh5 20.Kh1 Kh8 21.Bd2 Bf6 22.Nd1 Qf7 23.Nf2 Ng5
24.Rg1 Bd8 25.Ba5 b6 26.Bc3 a6 27.Rac1 Bd7 28.Qf1 Nf6 29.Nh3 Nfh7 30.Nf2 Qf6
31.Qd3 a5 32.Nd4 Rc8 33.Nc6 Rg8 34.Qa6 Rg6 35.Nd3 Bc7 36.Qb7 Nxe4 37.fxe4 f3
38.Ncxe5 dxe5 39.Bxe5 Bxe5 40.Rxc8+ Bxc8 41.Qxc8+ Rg8 42.Qf5 Qxf5 {#R} 0-1

[Event "It (open)"]
[Site "masterchessopen.com Manresa (Spain)"]
[Round "6"]
[White "Ionescu Constantin (ROM)"]
[Black "Glimbrant Torbjorn (SWE)"]
[Result "1-0"]
[WhiteElo "2475"]
[BlackElo "2250"]

1.d4 Nf6 2.c4 d6 3.Nc3 Nbd7 4.Nf3 g6 5.g3 Bg7 6.Bg2 O-O 7.O-O e5 8.e4 c6 9.Rb1
a5 10.h3 exd4 11.Nxd4 Nc5 12.Re1 Re8 13.Bf4 Nh5 14.Be3 Qc7 15.Qc2 Bd7 16.Rbd1
Nf6 17.f4 Re7 18.Nb3 Nxb3 19.axb3 Rae8 20.Qd2 Nh5 21.Kh2 g5 22.Qxd6 Qxd6
23.Rxd6 gxf4 24.gxf4 Be6 25.Bf3 Nf6 26.Rg1 Kh8 27.Bd4 Rd7 28.Rxd7 Bxd7 29.e5
Ng8 30.Ne4 {#r} 1-0

[Event "It (open) \"]
[Site "masterchessopen.com Olivos (Argentina)"]
[Round "2"]
[White "Primavera Cinthia (ARG)"]
[Black "Biaggi Eduardo (ARG)"]
[Result "0-1"]
[WhiteElo "2069"]
[BlackElo "2304"]

1.e4 g6 2.d4 Bg7 3.c4 d6 4.Nf3 Nd7 5.g3 e5 6.Bg2 Ngf6 7.Nc3 O-O 8.O-O c6 9.b4
exd4 10.Nxd4 c5 11.bxc5 dxc5 12.Nb3 Ng4 13.Qxg4 Bxc3 14.Bg5 f6 15.Bh6 Bxa1
16.Bxf8 Nxf8 17.Qe2 Bd4 18.Rd1 Qb6 {#R} 0-1

[Event "It"]
[Site "masterchessopen.com Podgorica (Yugoslavia)"]
[Round "10"]
[White "Abramovic Bosko (SRB)"]
[Black "Zontakh Andrey (UKR)"]
[Result "1-0"]
[WhiteElo "2460"]
[BlackElo "2455"]

1.d4 Nf6 2.c4 g6 3.Nf3 Bg7 4.g3 O-O 5.Bg2 d6 6.O-O Nbd7 7.Nc3 e5 8.e4 c6 9.b3
exd4 10.Nxd4 Re8 11.h3 Nc5 12.Re1 a5 13.Bf4 a4 14.Rb1 axb3 15.axb3 h6 16.Qc2
Ra3 17.Rbd1 Nh5 18.Bc1 Ra1 19.b4 Nd7 20.Nb3 Ra8 21.g4 Nhf6 22.Rxd6 Qb6 23.b5
Qc7 24.Rdd1 Ne5 25.c5 Qe7 26.f4 Nc4 27.e5 Nd7 28.bxc6 bxc6 29.Ne4 {#r} 1-0

[Event "Ch Poland (team)"]
[Site "masterchessopen.com Poland"]
[Round "0"]
[White "Litynska Marta (UKR)"]
[Black "Atlaska Alina (POL)"]
[Result "1-0"]
[WhiteElo "2340"]
[BlackElo "2040"]

1.d4 Nf6 2.c4 d6 3.Nf3 Nbd7 4.Nc3 e5 5.g3 g6 6.Bg2 Bg7 7.O-O O-O 8.e4 c6 9.Re1
a6 10.a4 Qc7 11.b3 Re8 12.h3 Nf8 13.Be3 Rd8 14.a5 Re8 15.Qd2 N6d7 16.dxe5 dxe5
17.Na4 Ne6 18.b4 c5 19.Nc3 cxb4 20.Nd5 Qxc4 21.Rec1 Qb5 22.Bf1 Qc6 23.Rxc6
bxc6 24.Nxb4 c5 25.Qd5 {#r} 1-0

[Event "Zt"]
[Site "masterchessopen.com Protvino (Russia)"]
[Round "1"]
[White "Bagaturov Giorgi (GEO)"]
[Black "Ubilava Elizbar (ESP)"]
[Result "1-0"]
[WhiteElo "2495"]
[BlackElo "2530"]

1.d4 Nf6 2.Nf3 g6 3.g3 Bg7 4.Bg2 O-O 5.c4 d6 6.O-O Nbd7 7.Nc3 e5 8.e4 c6 9.b3
exd4 10.Nxd4 Nc5 11.f3 Re8 12.Re1 a5 13.Rb1 Bd7 14.Bf4 Qb6 15.Be3 Qc7 16.Qc2
h5 17.Rbd1 Nh7 18.Re2 Rad8 19.Red2 Bc8 20.Ndb5 cxb5 21.Nxb5 Qe7 22.Nxd6 Na6
23.Bb6 Rxd6 24.Rxd6 Nb4 25.Qd2 Nc6 26.f4 Nf8 27.e5 g5 28.Kh1 Bf5 29.Qf2 gxf4
30.gxf4 Ng6 31.Qg3 Bh6 32.Rf1 Kh7 33.Rf6 Qd7 34.Bd5 Be6 35.Be4 Kh8 36.f5 {#r}
1-0

[Event "It (a)"]
[Site "masterchessopen.com Ptuj (Slovenia)"]
[Round "10"]
[White "Sher Miron N (USA)"]
[Black "Zheliandinov Viktor (UKR)"]
[Result "0-1"]
[WhiteElo "2535"]
[BlackElo "2390"]

1.c4 e5 2.g3 g6 3.d4 d6 4.Nf3 Nd7 5.Bg2 Bg7 6.O-O Ngf6 7.Nc3 O-O 8.e4 c6 9.Rb1
exd4 10.Nxd4 Re8 11.h3 a5 12.Be3 Nc5 13.Qc2 Qe7 14.Rfe1 Nfxe4 15.Nxe4 Nxe4
16.Bxe4 Qxe4 17.Bd2 Bf5 18.Rxe4 Bxe4 19.Qc1 Bxb1 20.Be3 Bxa2 21.Qc2 a4 22.b4
axb3 23.Nxb3 d5 24.cxd5 cxd5 25.Nd4 Bc4 26.Qb1 b5 27.Kg2 Re4 28.Nb3 Rae8
29.Nd2 R4e6 30.Nf3 Rxe3 31.fxe3 Rxe3 32.Qb4 Re2+ 33.Kh1 d4 34.Qd6 d3 35.h4 h6
36.Kg1 Bc3 37.h5 d2 38.hxg6 Re1+ 39.Kf2 d1=Q 40.gxf7+ Bxf7 {#R} 0-1

[Event "It"]
[Site "masterchessopen.com Reykjavik (Iceland)"]
[Round "3"]
[White "Gretarsson Helgi Ass (ISL)"]
[Black "Gausel Einar (NOR)"]
[Result "0-1"]
[WhiteElo "2462"]
[BlackElo "2500"]

1.c4 e5 2.Nc3 d6 3.g3 g6 4.d4 Nd7 5.Bg2 Bg7 6.Nf3 Ngf6 7.O-O O-O 8.e4 c6 9.b3
Re8 10.Bb2 exd4 11.Nxd4 Nc5 12.Qc2 a5 13.h3 Qb6 14.Rad1 a4 15.Kh2 axb3 16.axb3
Nfd7 17.Nce2 Ra2 18.Qb1 Ra8 19.Qc2 Na6 20.g4 Nb4 21.Qb1 Nc5 22.f4 Bd7 23.Ng3
Ra2 24.Bc3 Rea8 25.Rfe1 Ne6 26.Nge2 Nxd4 27.Bxd4 Bxd4 28.Nxd4 R8a3 29.e5 dxe5
30.fxe5 c5 31.Nf5 gxf5 32.Rxd7 Rxg2+ 33.Kxg2 Qc6+ 34.Kg1 Qxd7 35.Rd1 Qe7
36.Qxf5 Nc6 37.Rd7 Qe6 38.Qxe6 fxe6 39.Rxb7 Nxe5 40.Kf2 h6 41.Kg2 Kf8 {#R} 0-1

[Event "Ch Romania (team)"]
[Site "masterchessopen.com Romania"]
[Round "0"]
[White "Navrotescu Catalin (ROM)"]
[Black "Radovici Corvin (ROM)"]
[Result "0-1"]
[WhiteElo "2419"]
[BlackElo "2281"]

1.d4 Nf6 2.c4 d6 3.Nf3 g6 4.g3 Bg7 5.Bg2 O-O 6.O-O Nbd7 7.Nc3 e5 8.e4 c6 9.b3
Re8 10.h3 Qa5 11.Bb2 a6 12.d5 cxd5 13.cxd5 b5 14.a3 Bb7 15.Nd2 Rec8 16.b4 Qb6
17.Nb3 Rc7 18.Qd3 Rac8 19.Na5 Ba8 20.Rfd1 h5 21.Bf1 Kh7 22.Qf3 Rxc3 23.Bxc3
Nxe4 24.Be1 Nef6 25.Nc6 Bxc6 26.dxc6 Rxc6 27.Rac1 d5 28.Bd2 Re6 29.Bg5 d4
30.Qd3 Ne8 31.Bg2 f5 32.Bd5 Rd6 33.Qb3 Nef6 34.Bf7 Qb7 35.Re1 Bh6 36.Bg8+ Nxg8
37.Qf7+ Bg7 38.Rxe5 Nc5 39.Re7 Nxe7 40.bxc5 Rd7 {#R} 0-1

[Event "It (open)"]
[Site "masterchessopen.com San Sebastian (Spain)"]
[Round "0"]
[White "Kurajica Bojan (CRO)"]
[Black "Feijoo Novoa Carlos (ESP)"]
[Result "1-0"]
[WhiteElo "2550"]
[BlackElo "2071"]

1.d4 Nf6 2.Nf3 g6 3.g3 Bg7 4.Bg2 O-O 5.O-O d6 6.c4 Nbd7 7.Nc3 e5 8.e4 c6 9.b3
exd4 10.Nxd4 Re8 11.h3 Nc5 12.Re1 a5 13.Bf4 Nh5 14.Be3 Qe7 15.Qd2 Ne6 16.Nde2
Rb8 17.Rad1 Bf8 18.f4 Nhg7 19.Na4 f5 20.Nec3 Qf7 21.Ba7 Ra8 22.Bf2 Nc7 23.Nb6
Rb8 24.exf5 Rxe1+ 25.Rxe1 Bxf5 26.g4 Be6 27.Ne4 Be7 28.Ng5 Bxg5 29.fxg5 d5
30.Bg3 Rd8 31.Qxa5 d4 32.Na4 Rd7 33.Nc5 {#r} 1-0

[Event "It (open)"]
[Site "masterchessopen.com Sitges (Spain)"]
[Round "7"]
[White "Spassov Liuben (BUL)"]
[Black "Hernandez Gonzalo (COL)"]
[Result "1-0"]
[WhiteElo "2367"]
[BlackElo "2136"]

1.Nf3 d6 2.d4 Nf6 3.g3 g6 4.Bg2 Bg7 5.O-O O-O 6.c4 Nbd7 7.Nc3 e5 8.e4 c6 9.b3
Re8 10.h3 exd4 11.Nxd4 Nc5 12.Re1 Nfd7 13.Be3 Ne5 14.Re2 Qa5 15.Qc2 f5 16.exf5
Bxf5 17.Nxf5 gxf5 18.Rb1 Na6 19.Bd2 Nb4 20.Qxf5 Nxc4 21.Rxe8+ Rxe8 22.Qd7 Nxd2
23.Qxe8+ Bf8 24.Rd1 {#r} 1-0

[Event "Ch Spain (team)"]
[Site "masterchessopen.com Spain"]
[Round "0"]
[White "Cacho Reigadas Sergio (ESP)"]
[Black "Villavicencio Adalberto (ESP)"]
[Result "1-0"]
[WhiteElo "2360"]
[BlackElo "2310"]

1.Nf3 Nf6 2.c4 g6 3.g3 Bg7 4.Bg2 O-O 5.O-O d6 6.d4 Nbd7 7.Nc3 e5 8.e4 c6 9.b3
exd4 10.Nxd4 Re8 11.h3 Nc5 12.Re1 Nfd7 13.Be3 a5 14.Rb1 Qe7 15.Qc2 Nf6 16.Rbd1
Be6 17.f4 Rad8 18.Bf2 Bc8 19.g4 Qc7 20.Nde2 Ncd7 21.Ng3 Nf8 22.a3 N6d7 23.Nce2
Ne6 24.Qd2 Ndc5 25.b4 axb4 26.axb4 Na6 27.g5 f6 28.h4 fxg5 29.hxg5 Qe7 30.Nc1
h6 31.Nd3 hxg5 32.f5 Nf4 33.Nxf4 gxf4 34.Qxf4 Rf8 35.c5 dxc5 36.Rxd8 Qxd8
37.bxc5 Qe7 38.Qc1 Qf6 39.e5 Qf7 40.f6 Bh8 41.Ne4 {#r} 1-0

[Event "Memorial M.Chigorin"]
[Site "masterchessopen.com St. Petersburg (Russia)"]
[Round "7"]
[White "Tregubov Pavel V (RUS)"]
[Black "Yuneev Alexey (RUS)"]
[Result "1-0"]
[WhiteElo "2475"]
[BlackElo "2425"]

1.d4 Nf6 2.Nf3 g6 3.c4 Bg7 4.g3 O-O 5.Bg2 d6 6.O-O Nbd7 7.Nc3 e5 8.e4 c6 9.b3
exd4 10.Nxd4 Nc5 11.h3 Re8 12.Re1 Qa5 13.Bd2 Nfd7 14.Re2 Bxd4 15.Nb5 Bxf2+
16.Rxf2 Qb6 17.Nxd6 Re6 18.Bc3 Ne5 19.Bxe5 Rxe5 20.b4 Ne6 21.Nxf7 Rh5 22.Qf3
Bd7 23.Rd1 Qc7 24.Qf6 {#r} 1-0

[Event "It (open)"]
[Site "masterchessopen.com Andorra"]
[Round "5"]
[White "Ninov Kiril (BUL)"]
[Black "Garcia Raul (AND)"]
[Result "1-0"]
[WhiteElo "2415"]
[BlackElo "2280"]

1.Nf3 Nf6 2.g3 g6 3.Bg2 Bg7 4.O-O O-O 5.d4 d6 6.c4 Nbd7 7.Nc3 e5 8.e4 c6 9.b3
Re8 10.h3 exd4 11.Nxd4 Nc5 12.Re1 a5 13.Rb1 Qe7 14.Bf4 Nfd7 15.Re2 Ne5 16.Be3
f6 17.f4 Nf7 18.Bf2 Ne6 19.Nd5 cxd5 20.exd5 Nxd4 21.Rxe7 Rxe7 22.Qxd4 a4 23.b4
a3 24.Re1 Rxe1+ 25.Bxe1 g5 26.Bc3 gxf4 27.gxf4 Nh6 28.c5 {#r} 1-0

[Event "Match"]
[Site "masterchessopen.com Aruba (Netherlands)"]
[Round "1"]
[White "Polugaevsky Lev A (RUS)"]
[Black "Piket Jeroen (NED)"]
[Result "0-1"]
[WhiteElo "2585"]
[BlackElo "2640"]

1.Nf3 g6 2.d4 Bg7 3.c4 d6 4.g3 Nf6 5.Bg2 O-O 6.O-O Nbd7 7.Nc3 e5 8.e4 c6 9.b3
exd4 10.Nxd4 Re8 11.h3 Nc5 12.Re1 a5 13.Bf4 h6 14.Qc2 Nfd7 15.Be3 Kh7 16.Rad1
Qb6 17.Nde2 Qb4 18.Rb1 a4 19.Bd2 axb3 20.axb3 Qb6 21.Be3 Qb4 22.Bd2 Qb6 23.Be3
Qb4 24.Red1 Ra3 25.Nb5 cxb5 26.Bd2 Qxb3 27.Rxb3 Rxb3 28.Bc3 Bxc3 29.Nxc3 bxc4
30.Rxd6 b5 31.f4 b4 32.Nd1 c3 33.e5 Nxe5 34.g4 Nc4 35.Rf6 Re7 36.Bd5 Na3
37.Qf2 c2 38.Qd2 Rd3 {#R} 0-1

[Event "It (open)"]
[Site "masterchessopen.com Bratislava (Slovakia)"]
[Round "6"]
[White "Lukac Stefan (SVK)"]
[Black "Vlcek Stanislav (SVK)"]
[Result "0-1"]
[WhiteElo "1906"]
[BlackElo "2330"]

1.Nf3 Nf6 2.c4 g6 3.Nc3 Bg7 4.d4 O-O 5.g3 d6 6.Bg2 Nbd7 7.O-O e5 8.e4 c6 9.d5
cxd5 10.cxd5 Nc5 11.Bg5 Qb6 12.Bxf6 Bxf6 13.Rb1 Bd7 14.b4 Na6 15.Qb3 Rac8
16.Rfc1 Bg7 17.a4 f5 18.a5 Qd8 19.Nd2 Bh6 20.Rc2 f4 21.Bf1 Qg5 22.Nb5 Rxc2
23.Qxc2 fxg3 24.hxg3 Bxb5 25.Bxb5 Qxd2 26.Qxd2 Bxd2 27.Rb2 Bc3 28.Rb3 Bd4
29.Bxa6 bxa6 30.Kg2 Rxf2+ 31.Kh3 Rb2 32.Rf3 Kg7 {#R} 0-1

[Event "It (open)"]
[Site "masterchessopen.com Ceske Budejovice (Czech Republic)"]
[Round "0"]
[White "Volodin Viktor (RUS)"]
[Black "Voller Jiri (CZE)"]
[Result "1-0"]
[WhiteElo "2370"]
[BlackElo "2245"]

1.Nf3 Nf6 2.c4 g6 3.d4 Bg7 4.g3 O-O 5.Bg2 d6 6.O-O Nbd7 7.Nc3 e5 8.e4 exd4
9.Nxd4 Re8 10.h3 Nc5 11.Re1 a5 12.Ndb5 Nfd7 13.Be3 a4 14.Bd4 Ne5 15.Bxc5 dxc5
16.Qxd8 Rxd8 17.Nxc7 Ra5 18.Red1 Rf8 19.Rac1 Nxc4 20.b3 axb3 21.axb3 Ne5
22.N3b5 Nd7 23.Nd6 Bd4 24.Nd5 Kg7 25.Nxc8 Rxc8 26.Rxd4 cxd4 27.Rxc8 Ra1+
28.Kh2 d3 29.Nc3 d2 30.Bf3 Ne5 31.Bd1 Nd3 32.Rd8 {#r} 1-0

[Event "Match"]
[Site "masterchessopen.com Dublin (Ireland)"]
[Round "2"]
[White "Baburin Alexander (IRL)"]
[Black "Daly Colm (FID)"]
[Result "1-0"]
[WhiteElo "2515"]
[BlackElo "2265"]

1.d4 Nf6 2.c4 g6 3.Nf3 Bg7 4.g3 O-O 5.Bg2 d6 6.O-O Nbd7 7.Nc3 e5 8.e4 c6 9.b3
a5 10.h3 Re8 11.Re1 exd4 12.Nxd4 Qb6 13.Be3 Nc5 14.Rb1 Qb4 15.Ncb5 cxb5
16.Nxb5 Ncxe4 17.a3 Nxf2 18.Kxf2 Qxe1+ 19.Qxe1 Bf5 20.Nxd6 Bxb1 21.Nxe8 Rxe8
{#r} 1-0

[Event "NWL 1993/94"]
[Site "masterchessopen.com Germany"]
[Round "0"]
[White "Gruen Peter (GER)"]
[Black "Stoeber Michael (GER)"]
[Result "0-1"]
[WhiteElo "2370"]
[BlackElo "2255"]

1.d4 Nf6 2.Nf3 g6 3.g3 Bg7 4.Bg2 O-O 5.c4 d6 6.O-O Nbd7 7.Nc3 e5 8.e4 c6 9.b3
exd4 10.Nxd4 Nc5 11.h3 Re8 12.Re1 Qb6 13.Be3 a5 14.Rb1 Qc7 15.Qc2 Qe7 16.f3
Nh5 17.Kh2 Bd7 18.Qd2 a4 19.b4 Ne6 20.Rbd1 Nxg3 21.Kxg3 Be5+ 22.f4 Qg5+ 23.Kf3
Qh5+ 24.Kf2 Qh4+ 25.Kg1 Nxf4 26.Nf3 Qf6 27.Nxe5 Nxg2 28.Kxg2 Rxe5 29.Qxd6
Bxh3+ 30.Kxh3 Qf3+ 31.Kh2 Rh5+ 32.Kg1 Rh1# 0-1

[Event "Ch City"]
[Site "masterchessopen.com Graz (Austria)"]
[Round "9"]
[White "Singer Richard (AUT)"]
[Black "Preis Wolfgang (AUT)"]
[Result "1-0"]
[WhiteElo "2263"]
[BlackElo "2180"]

1.d4 Nf6 2.c4 g6 3.g3 Bg7 4.Bg2 O-O 5.Nc3 d6 6.Nf3 Nbd7 7.O-O e5 8.e4 c6 9.b3
exd4 10.Nxd4 Nc5 11.Bb2 Re8 12.Qc2 a5 13.Rad1 Bd7 14.h3 Qc8 15.Kh2 Qc7 16.Rd2
Re7 17.Rfd1 Rae8 18.f3 Nh5 19.Nde2 f5 20.f4 fxe4 21.Ba3 Nf6 22.Rxd6 b6 23.Bxc5
bxc5 24.Na4 Qa7 25.Qc1 Rb8 26.Qe3 Bg4 27.Rd8+ Kf7 28.Rxb8 Qxb8 29.Rd2 Bxe2
30.Rxe2 h5 31.Kh1 Qd8 32.Re1 Qh8 33.Nxc5 Ng4 34.Qe2 Bd4 35.Nxe4 Nf2+ 36.Nxf2
Rxe2 37.Rxe2 h4 38.Ne4 hxg3 39.Ng5+ Kf8 40.Bxc6 Qf6 {#r} 1-0

[Event "Ch Europe (juniors) (under 18)"]
[Site "masterchessopen.com Hania (Greece)"]
[Round "1"]
[White "Kempinski Robert (POL)"]
[Black "Hagesaether Paal Vegard (NOR)"]
[Result "1-0"]
[WhiteElo "2385"]
[BlackElo "2278"]

1.d4 Nf6 2.c4 g6 3.g3 Bg7 4.Bg2 O-O 5.Nc3 d6 6.Nf3 Nbd7 7.O-O e5 8.e4 c6 9.b3
exd4 10.Nxd4 Re8 11.h3 Nc5 12.Re1 a5 13.Bf4 Nh5 14.Be3 Nf6 15.Qc2 Nfd7 16.Red1
Qe7 17.Rab1 Nf6 18.f3 d5 19.cxd5 cxd5 20.Bg5 Qd6 21.Bxf6 Bxf6 22.Nxd5 Bd8
23.f4 Na6 24.e5 Qf8 25.Qf2 Nb4 26.Ne3 Ra6 27.Kh2 Nc6 28.Nb5 Bb6 29.Nd6 Re7
30.Qd2 Bxe3 31.Qxe3 Be6 32.Rbc1 Qa8 33.Qc5 Rc7 34.Bf1 a4 35.Bxa6 Qxa6 36.Qb5
Qa7 37.Qc5 Qa6 38.Qf2 axb3 39.axb3 Bxb3 40.Rf1 Bd5 41.Ne8 {#r} 1-0

[Event "Ch Sweden"]
[Site "masterchessopen.com Haparanda (Sweden)"]
[Round "2"]
[White "Ornstein Axel (SWE)"]
[Black "Jonsson Mikael (SWE)"]
[Result "0-1"]
[WhiteElo "2413"]
[BlackElo "2340"]

1.Nf3 g6 2.d4 Nf6 3.c4 Bg7 4.g3 O-O 5.Bg2 d6 6.Nc3 Nbd7 7.O-O e5 8.e4 c6 9.Be3
Re8 10.h3 exd4 11.Nxd4 Nc5 12.Qc2 Qe7 13.Rfe1 Ne6 14.Rad1 Nxd4 15.Bxd4 Nd7
16.Bxg7 Kxg7 17.Qd2 Kg8 18.Qxd6 Qg5 19.b4 Ne5 20.c5 Qh5 21.g4 Qh4 22.Ne2 h5
23.f4 Bxg4 24.hxg4 Nxg4 25.Qd3 Qf2+ 26.Kh1 Qxe1+ 27.Rxe1 Nf2+ 28.Kh2 Nxd3
29.Rb1 Nf2 30.e5 a6 31.Bf3 Rad8 32.Kg3 Ng4 33.Bxg4 hxg4 34.Kxg4 f6 35.Ng3 Kg7
36.exf6+ Kxf6 37.a4 Rd4 38.b5 Rxa4 39.bxc6 bxc6 40.Rb6 Re6 {#R} 0-1

[Event "Ch Hessen (qual)"]
[Site "masterchessopen.com Hessen (Germany)"]
[Round "7"]
[White "Keuth Gerd Erich (GER)"]
[Black "Fontana Alexander (GER)"]
[Result "1-0"]
[WhiteElo "2069"]
[BlackElo "2118"]

1.c4 Nf6 2.Nc3 g6 3.g3 Bg7 4.Bg2 O-O 5.d4 d6 6.e4 Nbd7 7.Nf3 e5 8.O-O c6 9.Re1
exd4 10.Nxd4 Ng4 11.Qxg4 Bxd4 12.Qd1 Qb6 13.Re2 Qc5 14.Rc2 a5 15.Na4 Qe5
16.Bh6 Re8 17.Rd2 c5 18.Rc1 Nf6 19.Bf4 Qe7 20.Nc3 Bg4 21.Qe1 Bxc3 22.Rxc3 Nxe4
23.Qxe4 Qxe4 24.Bxe4 Rxe4 25.f3 {#r} 1-0

[Event "It (open)"]
[Site "masterchessopen.com Kstovo (Russia)"]
[Round "0"]
[White "Baburin Alexander (IRL)"]
[Black "Gabdrakhmanov Rafail (RUS)"]
[Result "1-0"]
[WhiteElo "2515"]
[BlackElo "2361"]

1.d4 Nf6 2.c4 d6 3.Nc3 e5 4.Nf3 Nbd7 5.g3 g6 6.Bg2 Bg7 7.O-O O-O 8.e4 c6 9.b3
Re8 10.h3 a6 11.d5 cxd5 12.cxd5 b5 13.Re1 Rf8 14.b4 Nb6 15.a4 bxa4 16.Nxa4 Bd7
17.Nxb6 Qxb6 18.Bd2 Rfc8 19.Bf1 Bb5 20.Qb3 Bxf1 21.Kxf1 Qb5+ 22.Kg2 Rab8
23.Qe3 Rc2 24.Rec1 Qc4 25.Rxc2 Qxc2 26.Rxa6 Bf8 27.Nxe5 Nxe4 28.Nf3 Qc4 29.Ra7
Qxd5 30.Be1 Bg7 31.Re7 Nf6 32.Bc3 Qc6 33.Qa7 Ra8 34.Qb7 Qxb7 35.Rxb7 Ne4
36.Bxg7 Kxg7 37.Re7 d5 38.Ne1 Ra2 39.Nd3 Rd2 {#r} 1-0

[Event "It (open) \"]
[Site "masterchessopen.com London (England)"]
[Round "0"]
[White "Szekely Peter (HUN)"]
[Black "Bates Richard (ENG)"]
[Result "1-0"]
[WhiteElo "2490"]
[BlackElo "2285"]

1.Nf3 Nf6 2.c4 g6 3.d4 Bg7 4.g3 O-O 5.Bg2 d6 6.Nc3 Nbd7 7.O-O e5 8.e4 c6 9.b3
exd4 10.Nxd4 Re8 11.h3 Nc5 12.Re1 Qb6 13.Be3 Qa5 14.Qd2 Ne6 15.Rad1 Bd7 16.Re2
Kh8 17.Na4 Qxd2 18.Rexd2 Nxd4 19.Rxd4 c5 20.Rxd6 Bxa4 21.bxa4 Nxe4 22.Rd7 Nc3
23.R1d2 Nxa4 24.Rxb7 Nb6 25.Rxf7 Rad8 26.Rxd8 Rxd8 27.Bxc5 Nxc4 28.Rxa7 h5
29.Ra8 Rxa8 30.Bxa8 Bc3 31.Kf1 Kg7 32.Ke2 Ne5 33.a3 Nd7 34.Be3 Ba5 35.Bc6 Nf8
36.Kd3 Ne6 37.Kc4 h4 38.gxh4 Kf6 39.Bd5 Bc7 40.Bxe6 Kxe6 {#r} 1-0

[Event "Ch Croatia (team)"]
[Site "masterchessopen.com Makarska (Croatia)"]
[Round "5"]
[White "Medic Mirjana (CRO)"]
[Black "Poljak Srebrenka (CRO)"]
[Result "1-0"]
[WhiteElo "2251"]
[BlackElo "2008"]

1.Nf3 Nf6 2.c4 g6 3.Nc3 Bg7 4.g3 d6 5.d4 O-O 6.Bg2 Nbd7 7.O-O e5 8.e4 c6 9.Re1
exd4 10.Nxd4 Nb6 11.b3 Re8 12.h3 Nfd7 13.Be3 a5 14.Qd2 Nc5 15.Rad1 a4 16.Nxc6
Nxb3 17.axb3 bxc6 18.c5 Nd7 19.Nxa4 dxc5 20.Nxc5 Re7 21.Qd6 Qe8 22.Qxc6 Rb8
23.Nxd7 Bxd7 24.Qc2 Be6 25.Rd3 Reb7 26.Rb1 Rc8 27.Qd1 Rb5 28.b4 f5 29.Bc5 fxe4
30.Bxe4 Bxh3 31.Bd5+ Kh8 32.Re3 Qd7 33.Re7 Qd8 34.Bc6 Rbb8 35.Re8+ {#r} 1-0

[Event "Olympiad"]
[Site "masterchessopen.com Moscow (Russia)"]
[Round "8"]
[White "Itkis Boris (ROM)"]
[Black "Khamdamov Suhrob (TJK)"]
[Result "1-0"]
[WhiteElo "2455"]
[BlackElo "2210"]

1.Nf3 Nf6 2.d4 g6 3.c4 Bg7 4.g3 O-O 5.Bg2 d6 6.O-O Nbd7 7.Nc3 e5 8.e4 c6 9.b3
Re8 10.h3 exd4 11.Nxd4 Nc5 12.Re1 a5 13.Rb1 Qb6 14.Be3 Qb4 15.Ndb5 cxb5
16.Nxb5 Ncxe4 17.a3 Nc3 18.axb4 Nxd1 19.Rbxd1 axb4 20.Nc7 Ra2 21.Nxe8 Nxe8
22.Bd4 Be6 23.Bxg7 Kxg7 24.Bxb7 Rb2 25.Re3 Nf6 26.Bg2 Ne8 27.Bc6 Nc7 28.Kg2
Na6 29.Rxd6 Nc5 30.Bd5 Rd2 31.g4 g5 32.Kg3 Rb2 33.Bxe6 Nxe6 34.Rb6 Nf4 35.Rxb4
Rb1 36.h4 h6 37.hxg5 hxg5 38.Re5 f6 39.Rb7+ Kg6 40.Ree7 Rg1+ 41.Kf3 {#r} 1-0

[Event "Olympiad (w)"]
[Site "masterchessopen.com Moscow (Russia)"]
[Round "3"]
[White "Fatalibekova Elena (RUS)"]
[Black "Skripchenko Almira (FRA)"]
[Result "0-1"]
[WhiteElo "2285"]
[BlackElo "2270"]

1.d4 Nf6 2.Nf3 g6 3.c4 Bg7 4.g3 O-O 5.Bg2 d6 6.O-O Nbd7 7.Nc3 e5 8.e4 c6 9.Be3
Re8 10.h3 exd4 11.Nxd4 Nc5 12.Qc2 Qe7 13.Rfe1 Bd7 14.f3 Nh5 15.Kh2 f5 16.exf5
Nxg3 17.fxg6 Nh5 18.gxh7+ Kh8 19.Qd2 Qh4 20.Bf2 Qf4+ 21.Qxf4 Nxf4 22.Nb3 Ncd3
23.Rxe8+ Rxe8 24.Bd4 Bxd4 25.Nxd4 c5 26.Ndb5 Re6 27.Bf1 Rh6 28.h4 a6 29.Nc7
Rxh4+ 30.Kg3 Rxh7 31.N7d5 Rg7+ 32.Kh2 Ne5 33.Be2 Nxe2 34.Nxe2 Nxf3+ 35.Kh1 Bf5
36.Nec3 Rg3 37.a4 Bh3 38.Nf4 Bg2+ {#R} 0-1

[Event "Tournament (Elo)"]
[Site "masterchessopen.com Salogernas (Sweden)"]
[Round "0"]
[White "Andersson Mats (SWE)"]
[Black "Wieweg Johnny (SWE)"]
[Result "1-0"]
[WhiteElo "2328"]
[BlackElo "2214"]

1.Nf3 Nf6 2.c4 g6 3.g3 Bg7 4.Bg2 O-O 5.O-O d6 6.d4 Nbd7 7.Nc3 e5 8.e4 c6 9.b3
exd4 10.Nxd4 Re8 11.h3 Nc5 12.Re1 Qe7 13.b4 Ne6 14.Nb3 Nd7 15.Re3 Ne5 16.Qe2
f6 17.f4 Nf7 18.Rd3 Nc7 19.Bb2 Be6 20.Re3 Rad8 21.Re1 Bc8 22.Qd2 Ne6 23.Nd5
cxd5 24.exd5 Nh6 25.g4 b5 26.cxb5 Kh8 27.dxe6 d5 28.Nc5 Ng8 29.Rd3 Qc7 30.g5
Qb6 31.Rxd5 Ne7 32.gxf6 Nxd5 33.Bxd5 Bxe6 34.fxg7+ Kg8 35.Rxe6 Rxe6 36.Bxe6+
{#r} 1-0

[Event "Staatsliga"]
[Site "masterchessopen.com Salzburg (Austria)"]
[Round "10"]
[White "Frosch Erich (AUT)"]
[Black "Kraschl Joerg (AUT)"]
[Result "1-0"]
[WhiteElo "2284"]
[BlackElo "2210"]

1.d4 Nf6 2.Nf3 g6 3.c4 Bg7 4.Nc3 O-O 5.g3 d6 6.Bg2 Nbd7 7.O-O e5 8.e4 c6
9.dxe5 dxe5 10.Qc2 Re8 11.Rd1 Qc7 12.h3 Nc5 13.Be3 Ne6 14.b4 b6 15.a4 Bf8
16.a5 bxa5 17.bxa5 Bc5 18.Bh6 Nd4 19.Nxd4 Bxd4 20.Ra2 Be6 21.Ne2 Bc5 22.Kh2
Nd7 23.f4 exf4 24.Nxf4 Ne5 25.Nxe6 Rxe6 26.a6 Rb8 27.Rb2 Ree8 28.Rdb1 Rxb2
29.Qxb2 Qd6 30.Qe2 Qe6 31.Be3 Bxe3 32.Qxe3 Re7 33.Rb7 Nxc4 34.Qxa7 Re8 35.Rb8
Nd6 36.Rxe8+ Qxe8 37.Qb6 Nb5 38.a7 Nxa7 39.Qxa7 Kg7 40.Qc5 Qe6 {#r} 1-0

[Event "It (open)"]
[Site "masterchessopen.com San Sebastian (Spain)"]
[Round "0"]
[White "Kurajica Bojan (CRO)"]
[Black "Miguel Fernando (PER)"]
[Result "1-0"]
[WhiteElo "2565"]
[BlackElo "2270"]

1.d4 Nf6 2.Nf3 g6 3.g3 Bg7 4.Bg2 d6 5.O-O O-O 6.c4 Nbd7 7.Nc3 e5 8.e4 c6 9.b3
Re8 10.h3 Qc7 11.Be3 exd4 12.Nxd4 Nc5 13.Qc2 Nfd7 14.Rad1 Ne6 15.Nde2 Nec5
16.Bd4 Nf8 17.Bxg7 Kxg7 18.Qd2 f5 19.exf5 Bxf5 20.b4 Na6 21.g4 Be6 22.Ne4 Red8
23.Nf4 d5 24.Qd4+ Kg8 25.Nf6+ Kf7 26.cxd5 cxd5 27.N6xd5 {#r} 1-0